| 000 | 00797nam a2200229Ia 4500 | ||
|---|---|---|---|
| 003 | GCL | ||
| 008 | 140319s9999 xx 000 0 ara d | ||
| 040 |
_aGCL / _cGCL |
||
| 082 | 0 | 4 |
_a791.4 _bد ق |
| 100 | 1 | _aديزموند ديفز | |
| 245 | 1 | 0 |
_aقواعد الاخراج التليفزيونى / _cديزموند ديفز |
| 700 | 1 | _aحسين حامد | |
| 260 |
_a[S.N] : _bالهيئة المصرية العامة للكتاب ، _c1993 |
||
| 300 | _a102 ص | ||
| 650 | 0 | 4 | _aالتليفزيون |
| 650 | 0 | 4 | _aالافلام التلفزيونية |
| 650 | 0 | 4 | _aبرامج التليفزيون |
| 650 | 0 | 4 | _aالانتاج التليفزيونى |
| 650 | 0 | 4 | _aالتصوير التليفزيونى |
| 650 | 0 | 4 | _aاشرطة التسجيل التليفزيونى |
| 942 |
_2ddc _cBK |
||
| 999 |
_c30320 _d30320 |
||